000
00234nam a2200097Ia 4500
001
793122
005
20250826170643.0
008
250824s9999 xx 000 0 und d
245
0
_a
YARALI
_c
KAHRAMAN TAZEOĞLU
260
_b
DESTEK YAYINLARI
999
_c
793122
_d
793122